| 000 | 00502nam a2200181 a 4500 | ||
|---|---|---|---|
| 005 | 20240924070115.0 | ||
| 008 | 991125s1978 mx 000 0 spa u | ||
| 035 | _aUPN01000021443 | ||
| 049 | _aCG | ||
| 050 | 4 |
_aJC220 _bK3.3 |
|
| 100 | 1 |
_aKaplan, Marcos _928812 |
|
| 245 | 1 | 0 |
_aEstado y sociedad / _cMarcos Kaplan. |
| 260 |
_aMéxico : _bUNAM, Instituto de Investigaciones Jurídicas, _c1978. |
||
| 300 | _a223 p. | ||
| 650 | 4 |
_aCiencias políticas _96023 |
|
| 650 | 4 |
_aEstado _96019 |
|
| 905 | _aLibro | ||
| 999 |
_c21443 _d21443 |
||